00939nam a2200277 a 450000100060000000300080000600500170001400800410003102000150007203500190008704000270010604100080013308200220014109000210016310000320018424500850021625000120030126000530031330000330036650000190039965000340041870000380045294200120049099900170050295201420051970389BD-RjUL20211209082007.0170417r1976 enka 001 0 eng d a040851552X a(BD-RjUL)70603 aTXAcTXAdBD-RjULbeng aeng04a546223bWOI 1976 aQD151b.W85 19671 aWood, Cyril Warcup.920842110aInorganic chemistry :ban intermediate text /cby C. W. Wood and A. K. Holliday. a3rd ed. aLondon :bButterworths,cc1967 [reprinted 1976]. axi, 419 p. :bill. ;c23 cm. aIncludes index 0aChemistry, Inorganic.91172071 aHolliday, Arthur Kenneth.9208422 2ddccBK c70389d70389 00102ddc40718NFICaRUCLbRUCLcReadingd1978-04-07eBritish council, Dhakal0o546 WOI 1976r2017-04-17 00:00:00tC-1w2017-04-17yBK